<Die> offene Gesellschaft und ihre Feinde
Saved in:
| Main Author: | |
|---|---|
| Format: | Book |
| Language: | German |
| Published: |
Tübingen
Mohr
1992
|
| Edition: | 7. Aufl. |
| Subjects: | |
| Tags: |
No Tags, Be the first to tag this record!
|
MARC
| LEADER | 00000nam a2200000 4500 | ||
|---|---|---|---|
| 001 | c002438 | ||
| 005 | 20221221080324.4 | ||
| 020 | |a 3-8252-1724-8 | ||
| 041 | 0 | |a ger | |
| 044 | |a DE | ||
| 245 | 1 | 0 | |a <Die> offene Gesellschaft und ihre Feinde |c Karl R. Popper |
| 250 | |a 7. Aufl. | ||
| 264 | 1 | |a Tübingen |b Mohr |c 1992 | |
| 300 | |a 475 s. | ||
| 610 | 2 | 0 | |a filozofia |
| 610 | 2 | 0 | |a spoločnosť |
| 610 | 2 | 0 | |a sociológia |
| 610 | 2 | 0 | |a Platón |
| 610 | 2 | 0 | |a história |
| 610 | 2 | 0 | |a programy politické |
| 100 | 1 | |a Popper, Karl R. | |